Educació i formació per a la salut i el consum : 1998 1998
Descripción Física:
97 p. ; 24 cm
MARC
| LEADER | 00000nam a2200000Ia 4500 | ||
|---|---|---|---|
| 001 | 24000 | ||
| 008 | 160829s1998 xx 000 0 cat d | ||
| 080 | |a Bib-134 | ||
| 245 | |a Educació i formació per a la salut i el consum : |b 1998 | ||
| 260 | |a Barcelona : |b Diputació de Barcelona. Servei de Salut Pública i Consum, |c 1998 | ||
| 300 | |a 97 p. ; |c 24 cm | ||
| 650 | |a Educació sanitària |9 39355 | ||
| 650 | 0 | |a Educació del consumidor |9 26804 | |
| 710 | |a Barcelona (Catalunya : Província). |b Servei de Salut Pública i Consum |9 8151 | ||
| 901 | |a Arxiu | ||
| 942 | |n 1 | ||
| 952 | |0 0 |1 0 |4 0 |6 BIB134 |7 1 |9 55226 |a Arxiu |b Arxiu |d 2016-12-01 |l 0 |o Bib-134 |p 24000 |r 2016-12-01 00:00:00 |w 2016-12-01 |y ARXIU | ||
| 999 | |c 59098 |d 59098 | ||